| 000 | 00397nam a22001457a 4500 | ||
|---|---|---|---|
| 003 | OSt | ||
| 005 | 20240316095851.0 | ||
| 008 | 240316b |||||||| |||| 00| 0 eng d | ||
| 040 | _c | ||
| 082 |
_22 _a510/KUM _bKUM |
||
| 245 |
_aEngineering Mathematics II _cKumbhojkar,G.V _hEnglish |
||
| 250 | _a2 | ||
| 260 |
_bP.Jamnadas _c2020 |
||
| 942 |
_2ddc _cBK _e2 _h510/KUM _k510 _mKUM _n0 |
||
| 999 |
_c36049 _d36049 |
||